000
00288nam a22001337a 4500
008
170809b xxu||||| |||| 00| 0 eng d
020
_a
1435487214
041
_a
eng
080
_a
004
100
_a
35
101
_a
SHKI
245
_a
A+ GUIDE TO HARDWARE
_c
ANDREWS, J
942
_2
udc
_c
BK
999
_c
23045
_d
23045